Practical Ethics / (Record no. 193806)

000 -LEADER
fixed length control field 00793 a2200157 4500
003 - CONTROL NUMBER IDENTIFIER
control field Nust
005 - DATE AND TIME OF LATEST TRANSACTION
control field 20230227131558.0
040 ## - CATALOGING SOURCE
Transcribing agency Nust
082 ## - DEWEY DECIMAL CLASSIFICATION NUMBER
Classification number 170,SAM
100 ## - MAIN ENTRY--PERSONAL NAME
Personal name Viscount Samuel
9 (RLIN) 109600
245 ## - TITLE STATEMENT
Title Practical Ethics /
Statement of responsibility, etc. Viscount Samuel
260 ## - PUBLICATION, DISTRIBUTION, ETC.
Place of publication, distribution, etc. New yourk
Name of publisher, distributor, etc. Oxford university
Date of publication, distribution, etc. 1945
300 ## - PHYSICAL DESCRIPTION
Extent 255,p;
505 ## - FORMATTED CONTENTS NOTE
Formatted contents note Preliminary (Page-7),The Test of Right and Wrong (Page-19), Self and Others (Page-43), Is there Free Will (Page-56), Duty and Inclination (Page-77), Training and Habit (Page-93), Religious Influence (Page-101), Rewards and Penalties (Page-113), Some Current Questions (Page-129), Social Ethics (Page-129), Some Current Questions (Page-139), The Nation and the World (Page-162), Men and Animals (Page-186), Conscious Evolution (Page-200).
942 ## - ADDED ENTRY ELEMENTS (KOHA)
Source of classification or shelving scheme
Koha item type Book
Holdings
Withdrawn status Lost status Source of classification or shelving scheme Damaged status Not for loan Permanent Location Current Location Shelving location Date acquired Full call number Barcode Date last seen Price effective from Koha item type Public note
          Military College of Signals (MCS) Military College of Signals (MCS) General Stacks 12/12/2016 170,SAM MCS29580 12/08/2016 12/12/2016 Book Almirah No.73, Shelf No.2
© 2023 Central Library, National University of Sciences and Technology. All Rights Reserved.